Eastern Utah Libraries Catalog: Duchesne, Heber, Roosevelt, & Vernal

Calico Joe / (Record no. 81389)

MARC details
000 -LEADER
fixed length control field 01634cam a2200481 i 4500
001 - CONTROL NUMBER
control field a5511006
003 - CONTROL NUMBER IDENTIFIER
control field SIRSI
005 - DATE AND TIME OF LATEST TRANSACTION
control field 20241220131714.0
008 - FIXED-LENGTH DATA ELEMENTS--GENERAL INFORMATION
fixed length control field 120501s2012 nyu 000 1 eng
010 ## - LIBRARY OF CONGRESS CONTROL NUMBER
LC control number 2012371488
020 ## - INTERNATIONAL STANDARD BOOK NUMBER
International Standard Book Number 9780385536073 (hardback)
020 ## - INTERNATIONAL STANDARD BOOK NUMBER
International Standard Book Number 0385536070 (hardback)
020 ## - INTERNATIONAL STANDARD BOOK NUMBER
International Standard Book Number 0385536097
020 ## - INTERNATIONAL STANDARD BOOK NUMBER
International Standard Book Number 9780385536097
035 ## - SYSTEM CONTROL NUMBER
System control number (OCoLC)ocn794804218
035 ## - SYSTEM CONTROL NUMBER
System control number (Sirsi) y40020837138
035 ## - SYSTEM CONTROL NUMBER
System control number (UBY)a5511006
040 ## - CATALOGING SOURCE
Original cataloging agency DLC
Language of cataloging eng
Description conventions rda
Transcribing agency UBY
Modifying agency UBY
042 ## - AUTHENTICATION CODE
Authentication code pcc
043 ## - GEOGRAPHIC AREA CODE
Geographic area code n-us-il
-- n-us-ny
050 00 - LIBRARY OF CONGRESS CALL NUMBER
Classification number PS3557.R5355
Item number C35 2012
082 00 - DEWEY DECIMAL CLASSIFICATION NUMBER
Classification number 813/.54
Edition number 23
092 ## - LOCALLY ASSIGNED DEWEY CALL NUMBER (OCLC)
Classification number GRISHAM
100 1# - MAIN ENTRY--PERSONAL NAME
Personal name Grisham, John
Relator term author.
9 (RLIN) 6401799
245 10 - TITLE STATEMENT
Title Calico Joe /
Statement of responsibility, etc John Grisham.
250 ## - EDITION STATEMENT
Edition statement First edition.
260 ## - PUBLICATION, DISTRIBUTION, ETC. (IMPRINT)
Place of publication, distribution, etc New York :
Name of publisher, distributor, etc Doubleday,
Date of publication, distribution, etc [2012], ©2012.
264 ## - Production, Publication, Distribution, Manufacture, and Copyright Notice.
Place of production, publication, distribution, manufacture New York :
Name of producer, publisher, distributor, manufacturer Doubleday,
Date of production, publication, distribution, manufacture, or copyr ©2012.
300 ## - PHYSICAL DESCRIPTION
Extent 198 pages ;
Dimensions 22 cm
336 ## - Content Type
Content type term text
337 ## - Media type
Media type term unmediated
338 ## - Carrier type
Carrier type term volume
520 ## - SUMMARY, ETC.
Summary, etc This story, based on the Cubs and Mets 1973 season follows the divergent paths of Joe Castle, a rookie hitter for the Chicago Cubs, and Warren Tracey, a hard-throwing Mets pitcher.
583 ## - ACTION NOTE
Action sr
Action identification YBP
Time/date of action 20120517
Institution to which field applies UPB
583 ## - ACTION NOTE
Time/date of action 20120525
Action agent asg/mpl
Institution to which field applies UPB
583 ## - ACTION NOTE
Action add
Action identification m rda subj upd sampler
Time/date of action 20120913
Action agent jhs
Institution to which field applies UPB
650 #0 - SUBJECT ADDED ENTRY--TOPICAL TERM
Topical term or geographic name as entry element Baseball players
Form subdivision Fiction.
9 (RLIN) 5723729
650 #0 - SUBJECT ADDED ENTRY--TOPICAL TERM
Topical term or geographic name as entry element Fathers and sons
Form subdivision Fiction.
9 (RLIN) 5673789
650 #0 - SUBJECT ADDED ENTRY--TOPICAL TERM
Topical term or geographic name as entry element Life change events
Form subdivision Fiction.
9 (RLIN) 5674438
655 #0 - INDEX TERM--GENRE/FORM
Genre/form data or focus term Baseball stories, American.
9 (RLIN) 6401800
655 #0 - INDEX TERM--GENRE/FORM
Genre/form data or focus term Sports stories, American.
9 (RLIN) 6401801
942 ## - ADDED ENTRY ELEMENTS (KOHA)
Source of classification or shelving scheme Dewey Decimal Classification
Koha item type BOOK
Holdings
Withdrawn status Lost status Source of classification or shelving scheme Damaged status Not for loan Collection code Home library Current library Shelving location Date acquired Source of acquisition Total Checkouts Total Renewals Full call number Barcode Date last seen Date checked out Cost, replacement price Price effective from Koha item type
    Dewey Decimal Classification     Fiction Wasatch County Library Wasatch County Library First Floor 07/29/2022 Donation 3 5 F Grisham 34301001878935 02/16/2024 12/22/2022 7.99 07/29/2022 BOOK
This project was made possible through a grant from the Institute of Museum and Library Service administered by the Utah State Library Division.

Wasatch County Library

  • 465 East 1200 South, Heber City, Utah 84032
  • Phone 435-654-1511 | Fax 435-654-6456

Hours

  • Monday - Friday 9:30 AM - 8:00 PM
  • Saturday 9:30 AM - 1:30 PM
  • Closed Sundays and Holidays